000 00341nam a22001337a 4500
020 _a9789693515879,9789693515878,9789693518856
040 _cnust
082 _a891.4393
_bASH
100 _aAhmed, Ashfaq
_919450
245 _aZawiya
260 _aPakistan:
_bSang- e- Meel Publishers,
_c2018.
650 _aZawiya
_9122831
942 _2ddc
_cBK
999 _c609249
_d609249